Statistics for The Simpsons Monopoly Board

Click here to take the quiz!

General Stats

  • This quiz has been taken 20 times
  • The average score is 9 of 36

Answer Stats

Location% Correct
Moe's Bar
83%
Itchy & Scratchy Land
56%
Kwik-E-Mart
56%
Springfield Station
50%
Springfield Nuclear Power Plant
44%
Burns' Manor
39%
Shelbyville Express
33%
Go
28%
Jail
28%
The Android's Dungeon
28%
Chance
22%
Cletus' Shack
22%
Disco Stu's
22%
Duff Gardens
22%
Krustylu Studios
22%
Ogdenville Express
22%
Springfield Glen Country Club
22%
The Gilded Truffle
22%
Tire Yard
22%
Barney's Bowlarama
17%
Community Chest
17%
First Church of Springfield Offering Plate
17%
Free Parking
17%
Go to Jail
17%
Herman's Military Antiques
17%
North Haverbrook Express
17%
Rancho Relaxo
17%
Sleep-Eazy Motel
17%
The Frying Dutchman
17%
The Happy Sumo
17%
The Jazz Hole
17%
Ye Olde Off-Ramp Inn
17%
Legitimate Businessmen's Protection Tax [the Mafia]
11%
Noiseland Video Arcade
11%
Sir Putt-A-Lot's
11%
Springfield Dam Hydroelectric Company
11%

Score Distribution

Percentile by Number Answered

Percent of People with Each Score

Your Score History

You have not taken this quiz